000
00286nam a2200109Ia 4500
001
588765
005
20250717120837.0
008
250717s9999 xx 000 0 und d
245
0
_a
V-13 DÜNYAYI SIRTLAYAN YİĞİTLER
_c
İSMAİL BİLGİN
260
_b
ERDEM YAYINLARI
_c
2018
300
_b
77
999
_c
588765
_d
588765